| Tag |
First Indicator |
Second Indicator |
Subfields |
| LEADER |
00000cam a2200000Ia 4500 |
| 001 |
in00002010149 |
| 005 |
20220105141647.0 |
| 006 |
m d |
| 007 |
cr cnu---unuuu |
| 008 |
040226s2004 dcua sb 000 0 eng d |
| 020 |
|
|
|a 0309526191 (electronic bk.)
|
| 035 |
|
|
|a (OCoLC)ocm54487923
|
| 040 |
|
|
|a N$T
|c N$T
|d UtOrBLW
|
| 043 |
|
|
|a n-us---
|
| 049 |
|
|
|a IKMN
|
| 050 |
1 |
4 |
|a RA638
|b .F54 2004eb
|
| 060 |
1 |
4 |
|a 2004 A-948
|
| 060 |
1 |
4 |
|a WA 110
|b F4818 2004
|
| 082 |
0 |
4 |
|a 614.4/7
|2 22
|
| 245 |
0 |
0 |
|a Financing vaccines in the 21st century :
|b assuring access and availability /
|c Committee on the Evaluation of Vaccine Purchase Financing in the United States, Board on Health Care Services, Institute of Medicine.
|
| 246 |
3 |
|
|a Financing vaccines in the twenty-first century
|
| 264 |
|
1 |
|a Washington, D.C. :
|b National Academies Press,
|c [2004]
|
| 264 |
|
4 |
|c ©2004
|
| 300 |
|
|
|a xiii, 247 pages :
|b illustrations ;
|c 23 cm.
|
| 336 |
|
|
|a text
|b txt
|2 rdacontent
|
| 337 |
|
|
|a computer
|b c
|2 rdamedia
|
| 338 |
|
|
|a online resource
|b cr
|2 rdacarrier
|
| 504 |
|
|
|a Includes bibliographical references (pages 211-220).
|
| 505 |
0 |
|
|a INTRODUCTION -- Background -- Conceptual framework for the study -- Study process -- Summing up -- Organization of the report -- ORIGINS AND RATIONALE OF IMMUNIZATION POLICY -- Legislative history of vaccine policy -- Shared federal and state responsibility for financing -- Shared public and private responsibility for coverage -- Public and private delivery systems -- Private vaccine production -- The setting national of vaccine policy -- Findings -- PUBLIC AND PRIVATE INSURANCE COVERAGE -- Public insurance coverage -- Private insurance coverage -- Barriers to a well-functioning immunization finance system -- Findings -- THE DELIVERY SYSTEM -- Delivery of adult and childhood vaccines -- The work of immunizing -- Provider reimbursement -- Barriers to a well-functioning immunization delivery system -- Findings -- VACCINE SUPPLY -- Size and growth of the vaccine market -- Vaccine production -- Cost structure -- Research and development -- Industry concentration -- Regulation -- Pricing -- Shortages -- Stockpiles -- CDC contracting -- Barriers to a well-functioning vaccine supply system -- Findings -- CONCLUSIONS AND ALTERNATIVE STRATEGIES -- Conclusions -- Alternative strategies -- Weighing the alternatives -- RECOMMENDATIONS -- Final observations.
|
| 533 |
|
|
|a Electronic reproduction.
|b Boulder, Colo. :
|c NetLibrary,
|d 2004.
|n Available via World Wide Web.
|n Access may be limited to NetLibrary affiliated libraries.
|
| 500 |
|
|
|a Electronic resource.
|
| 650 |
|
0 |
|a Vaccination
|z United States
|x Planning.
|
| 650 |
|
0 |
|a Vaccines
|x Economic aspects
|z United States.
|
| 650 |
|
0 |
|a Vaccination
|x Economic aspects
|z United States.
|
| 650 |
|
0 |
|a Vaccination
|x Government policy
|z United States.
|
| 650 |
1 |
2 |
|a Mass Vaccination
|x economics.
|0 https://id.nlm.nih.gov/mesh/D032541Q000191
|
| 650 |
2 |
2 |
|a Vaccines
|x economics.
|0 https://id.nlm.nih.gov/mesh/D014612Q000191
|
| 651 |
|
2 |
|a United States.
|0 https://id.nlm.nih.gov/mesh/D014481
|
| 655 |
|
7 |
|a Electronic books.
|2 local
|
| 710 |
2 |
|
|a Institute of Medicine (U.S.).
|b Committee on the Evaluation of Vaccine Purchase Financing in the United States.
|0 http://id.loc.gov/authorities/names/n2003129884
|
| 710 |
2 |
|
|a NetLibrary, Inc.
|0 http://id.loc.gov/authorities/names/no99080690
|
| 776 |
1 |
|
|c Original
|z 0309089794
|w (DLC) 2003018817
|w (OCoLC)52930181
|
| 856 |
4 |
1 |
|u https://proxy.library.tamu.edu/login?url=http://www.netLibrary.com/urlapi.asp?action=summary&v=1&bookid=104500
|z Connect to the full text of this electronic book
|t 0
|
| 994 |
|
|
|a 92
|b IKM
|
| 999 |
|
|
|a MARS
|
| 999 |
f |
f |
|s 762a88f4-95f3-395a-90f8-326e27e82dc3
|i 859f685e-a3cc-3fd4-a909-c612b7f09aed
|t 0
|
| 952 |
f |
f |
|a Texas A&M University
|b College Station
|c Electronic Resources
|d Available Online
|t 0
|e RA638 .F54 2004eb
|h Library of Congress classification
|
| 998 |
f |
f |
|a RA638 .F54 2004eb
|t 0
|l Available Online
|